| 000 | 01424nam a22004097a 4500 | ||
|---|---|---|---|
| 001 | 0008641 | ||
| 003 | KOHA_MİRAKIL | ||
| 005 | 20260207001642.0 | ||
| 007 | ta | ||
| 008 | 091009b2003 tu |||gr||||#||||0|tur | | ||
| 020 |
_a9751615380 _cTL12 |
||
| 040 |
_aTR-BiSEU _btur _cTR-BiSEU _erda |
||
| 041 | 0 | _atur | |
| 044 | _ctu | ||
| 050 |
_aBP170.25 _b.O94 2003 |
||
| 100 | 1 | _aÖzcan, Tahsin. | |
| 245 | 1 |
_aOsmanlı para vakıfları : _bKanunı dönemi Üsküdar örneği/ _cTahsin Özcan ; Tahsin Özcan. |
|
| 264 | 1 |
_aAnkara : _bAtatürk Kültür, Dil ve Tarih Yüksek Kurumu. Türk Tarih Kurumu _c2003 |
|
| 300 | _axxii, 415 sayfa: resimli; 24 cm. | ||
| 336 |
_ametin _btxt _2rdacontent |
||
| 337 |
_aaracısız _bn _2rdamedia |
||
| 338 |
_acilt _bnc _2rdacarrier |
||
| 490 | 1 |
_aTürk Tarih Kurumu yayınlarından ; _vVII. |
|
| 490 | 1 | _aDizi- sa. | |
| 490 | 1 | _a199. | |
| 500 | _aKaynakça ve dizin var. | ||
| 650 | 0 |
_aEndowments--Turkey--Istanbul--Üsküdar. _921663 |
|
| 650 | 0 |
_aWaqf--Turkey--History Ottoman Empire, 1288-1918. _921664 |
|
| 650 | 0 |
_aWaqf--Turkey--History. _921665 |
|
| 650 | 0 |
_aÜsküdar (İstanbul, Turkey). _921666 |
|
| 650 | 0 |
_aTurkey--History Süleyman I, 1520-1566. _917103 |
|
| 650 | 0 |
_aÜsküdar (İstanbul, Turkey)--History. _921667 |
|
| 830 | 1 |
_aTürk Tarih Kurumu yayınlarından ; _vVII. _920292 |
|
| 830 | 1 |
_aDizi- sa. _921668 |
|
| 830 | 1 |
_a199. _98289 |
|
| 942 |
_2lcc _cBK |
||
| 999 |
_c8613 _d8613 |
||